000 01048nam a2200301 i 4500
003 DO-SdBNP
005 20240530073928.0
007 ta
008 240524s2019 dr c r 000 f spa d
020 _a9789945132083
040 _aDO-SdBNP
_bspa
_cBNPHU
_erda
082 _bA347
_222
100 1 _aAlcántara Ross Leal, Pedro
_d1939-
_eautor
_985551
245 1 4 _aLos parlamentos obreros :
_bhistoria cubana de resistencia y batalla /
_cPedro Alcántara Ross Leal
264 1 _aSanto Domingo :
_bLa Gina,
_bMediabyte,
_c2019.
300 _a365 páginas
_bretratos
_c23 cm.
336 _2rdacontent
_atexto
_btxt
337 _2rdamedia
_asin mediación
_bn
338 _2rdacarrier
_avolumen
_bnc
500 _aIncluye datos biografícos del autor en las solapas.
500 _aIncluye notas a pie de páginas.
504 _aBibliografía p: 337-343
590 _aInventariado, 2024/ YL
650 0 _aNovela dominicana
_9223
650 0 _aLiteratura dominicana.
_967
910 _aYlockward/ Validado. Control de calidad MFF
942 _2ddc
_cLBS1
999 _c56748
_d56748